000 00425nam a2200157 a 4500
001 000036225
005 20200930074955.0
008 120111s19uu mx 000 0 spa d
040 _aDO-SdBNP
_bspa
_cBNPHU
082 _axxxx
_bY95i
100 1 _aYutang, Lin
_948127
245 1 3 _aLa importancia de vivir /
_cLin Yutang.
260 _aMexico :
_bDiana,
_c[19uu]?
300 _a597 p. ;
_c19 cm.
534 _tImportance of living
999 _c35716
_d35716